| Tag |
First Indicator |
Second Indicator |
Subfields |
| LEADER |
00000cam a22000004a 4500 |
| 001 |
in00001569310 |
| 005 |
20151022090630.0 |
| 008 |
990823s2000 nyua 001 0 eng |
| 010 |
|
|
|a 99045619
|
| 020 |
|
|
|a 0609601180 (hc.)
|
| 035 |
|
|
|a (OCoLC)ocm42296675
|
| 040 |
|
|
|a DLC
|c DLC
|d C#P
|d TXA
|d UtOrBLW
|
| 042 |
|
|
|a pcc
|
| 043 |
|
|
|a n-usu--
|a n-ust--
|a n-us-tx
|
| 049 |
|
|
|a TXAM
|
| 050 |
0 |
0 |
|a TX837
|b .P95 2000
|
| 082 |
0 |
0 |
|a 641.5/636/0979
|2 21
|
| 100 |
1 |
|
|a Pyles, Stephan.
|
| 245 |
1 |
0 |
|a Southwestern vegetarian /
|c by Stephan Pyles with John Harrisson.
|
| 250 |
|
|
|a 1st ed.
|
| 264 |
|
1 |
|a New York :
|b C. Potter,
|c [2000]
|
| 264 |
|
4 |
|c ©2000
|
| 300 |
|
|
|a 224 pages :
|b color illustrations ;
|c 26 cm.
|
| 336 |
|
|
|a text
|b txt
|2 rdacontent
|
| 337 |
|
|
|a unmediated
|b n
|2 rdamedia
|
| 338 |
|
|
|a volume
|b nc
|2 rdacarrier
|
| 500 |
|
|
|a Includes index.
|
| 650 |
|
0 |
|a Vegetarian cooking.
|
| 650 |
|
0 |
|a Cooking, American
|x Southwestern style.
|
| 650 |
|
0 |
|a Cooking
|z Texas.
|
| 700 |
1 |
|
|a Harrisson, John.
|
| 948 |
|
|
|a cataloged
|b h
|c 2000/11/22
|d c
|e eneff
|f 11:04:30 am
|
| 994 |
|
|
|a E0
|b TXA
|
| 999 |
|
|
|a MARS
|
| 999 |
f |
f |
|s bd538aee-71db-35c1-83d1-bab141b19734
|i 1995d470-3170-38f5-94f3-f62453c54a67
|t 0
|
| 952 |
f |
f |
|p ric
|a Texas A&M University
|b Rellis Campus
|c Joint Library Facility
|d Remote Storage
|t 0
|e TX837 .P95 2000
|h Library of Congress classification
|i unmediated -- volume
|m A14826642356
|
| 998 |
f |
f |
|a TX837 .P95 2000
|t 0
|l Remote Storage
|